[Event "37th World U20 ch"]
[Site "Kozhikode IND"]
[Date "1998.11.20"]
[Round "4.33"]
[White "Hansen, Torbjorn Ringdal"]
[Black "Leskiewicz, Maksymilian"]
[Result "1/2-1/2"]
[WhiteElo "2060"]
[BlackElo "2210"]
[EventDate "1998.11.17"]
[PlyCount "64"]

1.c4 Nf6 2.Nc3 g6 3.g3 Bg7 4.Bg2 O-O 5.e4 d6 6.Nge2 c5 7.O-O Nc6 8.d3 Ne8 
9.Be3 Nc7 10.h3 Rb8 11.Qd2 b5 12.f4 Nd4 13.Rab1 b4 14.Nd1 Nxe2+ 15.Qxe2 
Ne6 16.Qd2 Nd4 17.Bxd4 Bxd4+ 18.Kh1 e6 19.Ne3 Bb7 20.Nc2 Bg7 21.Ne1 Qa5 
22.b3 Qd8 23.Nf3 a5 24.f5 exf5 25.exf5 Qf6 26.Qf4 a4 27.g4 axb3 28.axb3 
Ra8 29.Nd2 Bxg2+ 30.Kxg2 Ra2 31.Rf2 Qd4 32.Qf3 Re8 1/2-1/2

[Event "37th World U20 ch"]
[Site "Kozhikode IND"]
[Date "1998.11.21"]
[Round "5.1"]
[White "Banikas, Hristos"]
[Black "Sadvakasov, Darmen"]
[Result "0-1"]
[WhiteElo "2490"]
[BlackElo "2440"]
[EventDate "1998.11.17"]
[PlyCount "112"]

1.d4 Nf6 2.c4 e6 3.Nc3 Bb4 4.e3 O-O 5.Ne2 d5 6.a3 Be7 7.Nf4 c6 8.cxd5 exd5
9.Bd3 Bd6 10.O-O Re8 11.h3 Nbd7 12.Qf3 Qe7 13.g4 Ne4 14.Qg2 Nf8 15.f3 Nxc3
16.bxc3 f5 17.Nh5 Qh4 18.Bd2 g6 19.Nf4 Bd7 20.gxf5 Bxf4 21.exf4 Kh8 22.Qg4
Qf6 23.Qg5 Qxg5+ 24.fxg5 Bxf5 25.Bxf5 gxf5 26.h4 Re2 27.Rf2 Rae8 28.Kf1 
R2e7 29.h5 Kg8 30.Re1 Rxe1+ 31.Bxe1 Kf7 32.Bd2 Nd7 33.Kg2 Nb6 34.Kg3 Nc4 
35.Kf4 Nd6 36.a4 a5 37.c4 Nxc4 38.Kxf5 b5 39.Bf4 b4 40.g6+ hxg6+ 41.hxg6+ 
Kg8 42.Be5 b3 43.Rh2 Nxe5 44.dxe5 c5 45.Rh7 c4 46.Kg5 b2 47.Rb7 c3 48.Kh6 
Rc8 49.Rg7+ Kf8 50.e6 b1=Q 51.Rf7+ Ke8 52.g7 Qh1+ 53.Kg6 Qg2+ 54.Kf6 Qxf3+
55.Kg6 Qg4+ 56.Kf6 Qxe6+ 0-1

[Event "37th World U20 ch"]
[Site "Kozhikode IND"]
[Date "1998.11.21"]
[Round "5.2"]
[White "Zhang Zhong"]
[Black "Dao Thien Hai"]
[Result "1/2-1/2"]
[WhiteElo "2510"]
[BlackElo "2580"]
[EventDate "1998.11.17"]
[PlyCount "56"]

1.e4 c5 2.Nf3 e6 3.d3 Nc6 4.g3 g6 5.Bg5 Qb6 6.Nbd2 Qxb2 7.Nc4 Qg7 8.e5 b5 
9.Nd6+ Bxd6 10.exd6 Bb7 11.Bg2 Nh6 12.Nd2 f5 13.O-O Nf7 14.Be3 Na5 15.Nf3 
Bc6 16.Bxc5 O-O 17.Qe1 Bxf3 18.Bxf3 Rac8 19.Qxa5 Rxc5 20.Qxa7 Qd4 21.Qxd7 
Ng5 22.Bg2 f4 23.c3 Rxc3 24.Qe7 Rc5 25.gxf4 Qxf4 26.d7 Nf3+ 27.Bxf3 Rg5+ 
28.Bg2 Rxg2+ 1/2-1/2

[Event "37th World U20 ch"]
[Site "Kozhikode IND"]
[Date "1998.11.21"]
[Round "5.3"]
[White "Socko, Bartosz"]
[Black "Jenni, Florian"]
[Result "0-1"]
[WhiteElo "2475"]
[BlackElo "2430"]
[EventDate "1998.11.17"]
[PlyCount "165"]

1.e4 e5 2.Nf3 Nc6 3.Bb5 a6 4.Ba4 Nf6 5.O-O Nxe4 6.d4 b5 7.Bb3 Be7 8.dxe5 
O-O 9.Bd5 Nc5 10.Nc3 Rb8 11.Bxc6 dxc6 12.Be3 Qxd1 13.Raxd1 Ne6 14.Ne1 Bb7 
15.Rd7 Rfe8 16.f4 f5 17.Nf3 Rbd8 18.Rfd1 c5 19.Kf2 Rxd7 20.Rxd7 Bc6 21.Rd2
Rd8 22.Rxd8+ Bxd8 23.Ne2 Be4 24.Ne1 Bh4+ 25.g3 Be7 26.Nc3 Bc6 27.Nf3 Kf7 
28.Nd2 Nd8 29.Ne2 c4 30.Nf3 Bd5 31.Nc3 Bb7 32.Ke2 c5 33.Nd1 Ne6 34.c3 h6 
35.h4 Nf8 36.Bf2 Ke6 37.Ne3 g6 38.Nf1 Be4 39.N1d2 Bc6 40.Ne1 Nd7 41.Kd1 
Nb6 42.Nc2 Bd7 43.Ne3 Kf7 44.Kc2 Bc6 45.Nd1 Nd7 46.b3 cxb3+ 47.axb3 Nf8 
48.c4 Ne6 49.Nc3 Nc7 50.Nf1 Ke6 51.Ne3 Bf3 52.Kd3 Bf8 53.Kd2 g5 54.hxg5 
hxg5 55.Nc2 Bc6 56.Ne1 gxf4 57.gxf4 Kd7 58.Nd3 Ne6 59.Nd5 Bb7 60.Kc3 a5 
61.Be3 Kc6 62.Nc1 Bc8 63.Ne2 Ng7 64.Bf2 Be6 65.Ne3 Be7 66.Kd3 Bd8 67.Be1 
Nh5 68.Bd2 a4 69.bxa4 bxa4 70.Nc2 Bh4 71.Be3 Bf7 72.Na3 Be1 73.Nc2 Bh4 74.
Bd2 Bf2 75.Na3 Be6 76.Nb5 Bh4 77.Ng1 Bg3 78.Nh3 Bd7 79.Bc1 Be1 80.Ng5 Ng7 
81.Nf7 Kb6 82.Nfd6 Be6 83.Ke3 0-1

[Event "37th World U20 ch"]
[Site "Kozhikode IND"]
[Date "1998.11.21"]
[Round "5.4"]
[White "Fedorchuk, Sergei"]
[Black "Fressinet, Laurent"]
[Result "1/2-1/2"]
[WhiteElo "2415"]
[BlackElo "2455"]
[EventDate "1998.11.17"]
[PlyCount "62"]

1.e4 c5 2.Nf3 d6 3.d4 cxd4 4.Nxd4 Nf6 5.Nc3 g6 6.Bc4 Bg7 7.h3 O-O 8.Bb3 a6
9.O-O b5 10.Re1 Bb7 11.Nd5 Nbd7 12.Bg5 Nc5 13.c4 e6 14.Nxf6+ Bxf6 15.Bxf6 
Qxf6 16.f3 b4 17.Qd2 e5 18.Nc2 a5 19.Ne3 Rfd8 20.Bc2 Bc6 21.Rad1 Qg5 22.
Qf2 Ne6 23.Ng4 h5 24.h4 Qe7 25.Ne3 a4 26.Nd5 Bxd5 27.exd5 Nc5 28.f4 b3 29.
axb3 axb3 30.Bb1 e4 31.f5 Qe5 1/2-1/2

[Event "37th World U20 ch"]
[Site "Kozhikode IND"]
[Date "1998.11.21"]
[Round "5.7"]
[White "Neelotpal, Das"]
[Black "Kobalia, Mikhail"]
[Result "0-1"]
[WhiteElo "2405"]
[BlackElo "2505"]
[EventDate "1998.11.17"]
[PlyCount "130"]

1.e4 c5 2.Nf3 e6 3.d3 Nc6 4.g3 Nge7 5.Bg2 g6 6.O-O Bg7 7.Re1 d6 8.c3 e5 9.
Nbd2 O-O 10.a3 h6 11.b4 a6 12.Nf1 Be6 13.Rb1 cxb4 14.cxb4 d5 15.N1d2 d4 
16.Bb2 Nc8 17.Rc1 Nb6 18.Nc4 Nd7 19.Rf1 Qe7 20.Ne1 b5 21.Nd2 Rac8 22.f4 
exf4 23.gxf4 Nb6 24.f5 Bd7 25.Nb3 Na4 26.Rc2 Nxb2 27.Rxb2 Ne5 28.Nc5 Rc6 
29.Rbf2 Bc8 30.h3 Qg5 31.Nf3 Nxf3+ 32.Qxf3 Be5 33.Kh1 Kg7 34.Rg1 Qg3 35.
Qxg3 Bxg3 36.Rc2 Rf6 37.Nb3 Rd6 38.Bf3 Bf4 39.Bg4 Bb7 40.fxg6 fxg6 41.Nc5 
Rf7 42.Ne6+ Kg8 43.Nxf4 Rxf4 44.Rc7 Bc6 45.Rc1 h5 46.Bd1 Kf8 47.Bb3 Be8 
48.Ra7 Rdf6 49.Kg1 Rf3 50.Ra8 Rxd3 51.Rcc8 Rxb3 52.Rxe8+ Kg7 53.Rg8+ Kh6 
54.h4 Rf7 55.Rxa6 Rg3+ 56.Kh2 Rg4 57.Kh3 Rf3+ 58.Kh2 Re3 59.Re6 Rxh4+ 60.
Kg2 Rg4+ 61.Kh2 Re2+ 62.Kh3 Re3+ 63.Kh2 Rexe4 64.Rgxg6+ Rxg6 65.Rxe4 Rd6 
0-1

[Event "37th World U20 ch"]
[Site "Kozhikode IND"]
[Date "1998.11.21"]
[Round "5.8"]
[White "Aliev, Rasim"]
[Black "Nataf, Igor-Alexandre"]
[Result "1/2-1/2"]
[WhiteElo "2295"]
[BlackElo "2485"]
[EventDate "1998.11.17"]
[PlyCount "118"]

1.e4 c5 2.c3 d5 3.exd5 Qxd5 4.d4 g6 5.Be3 cxd4 6.cxd4 Bg7 7.Nf3 Qa5+ 8.Nc3
Nh6 9.Bc4 Nf5 10.O-O O-O 11.Qe2 Nc6 12.Rad1 Nd6 13.Bb3 b6 14.Rfe1 Ba6 15.
Qc2 Nb4 16.Qb1 Bc4 17.Bg5 Bxb3 18.axb3 Nf5 19.Qe4 Na2 20.Nd5 e6 21.Nc7 
Rac8 22.Bd2 Nb4 23.Ra1 Nd6 24.Qe2 Rxc7 25.Rxa5 bxa5 26.Bxb4 axb4 27.Qd2 
Nf5 28.Qxb4 Rd7 29.Rd1 Nxd4 30.Kf1 Rfd8 31.Ng5 h6 32.Ne4 Rc7 33.g3 Kh7 34.
Kg2 Rd5 35.Nc3 Rdd7 36.Qb8 Rb7 37.Qe8 Re7 38.Qa4 Red7 39.f4 Rbc7 40.Rd2 
Rd8 41.Nb5 Rcd7 42.Nxa7 Rd6 43.b4 Ra8 44.b5 Nxb5 45.Rxd6 Nxd6 46.b4 Bf8 
47.Qd7 Rb8 48.Nc6 Rb7 49.Qd8 Kg7 50.g4 Rb5 51.g5 hxg5 52.fxg5 Nf5 53.Kh3 
Bd6 54.Nd4 Nxd4 55.Qxd6 Nf5 56.Qd7 Rd5 57.Qc6 Nd4 58.Qc1 Nf5 59.Qf1 Nd6 
1/2-1/2

[Event "37th World U20 ch"]
[Site "Kozhikode IND"]
[Date "1998.11.21"]
[Round "5.10"]
[White "Vuckovic, Bojan"]
[Black "Hossain, Enamul"]
[Result "1-0"]
[WhiteElo "2435"]
[BlackElo "2335"]
[EventDate "1998.11.17"]
[PlyCount "63"]

1.e4 c5 2.Nf3 Nc6 3.d4 cxd4 4.Nxd4 Nf6 5.Nc3 e5 6.Ndb5 d6 7.Bg5 a6 8.Na3 
b5 9.Nd5 Be7 10.Bxf6 Bxf6 11.c3 Ne7 12.Nxf6+ gxf6 13.Nc2 Bb7 14.Bd3 d5 15.
exd5 Qxd5 16.Ne3 Qe6 17.Qh5 e4 18.Bc2 f5 19.g3 Rd8 20.Bb3 Qf6 21.a4 O-O 
22.axb5 axb5 23.Ra7 Bc8 24.O-O Rd2 25.Rd1 Rxb2 26.Rxe7 Qxe7 27.Nd5 Qe5 28.
Qh4 Qg7 29.Nf6+ Kh8 30.Nh5 Qh6 31.Rd8 f6 32.Qf4 1-0

[Event "37th World U20 ch"]
[Site "Kozhikode IND"]
[Date "1998.11.21"]
[Round "5.11"]
[White "Al-Rakib, Abdullah"]
[Black "Ippolito, Dean"]
[Result "1/2-1/2"]
[WhiteElo "2350"]
[BlackElo "2430"]
[EventDate "1998.11.17"]
[PlyCount "33"]

1.d4 d5 2.c4 c6 3.Nf3 Nf6 4.e3 Bf5 5.Bd3 Bxd3 6.Qxd3 e6 7.Nc3 Nbd7 8.O-O 
Bb4 9.Bd2 a5 10.a3 Be7 11.e4 dxe4 12.Nxe4 Nxe4 13.Qxe4 a4 14.Rfe1 O-O 15.
Rad1 Bf6 16.Ne5 Qc7 17.Bf4 1/2-1/2

[Event "37th World U20 ch"]
[Site "Kozhikode IND"]
[Date "1998.11.21"]
[Round "5.12"]
[White "Blehm, Pawel"]
[Black "Herraiz Hidalgo, Herminio"]
[Result "1/2-1/2"]
[WhiteElo "2420"]
[BlackElo "2405"]
[EventDate "1998.11.17"]
[PlyCount "37"]

1.e4 e6 2.d4 d5 3.Nc3 Nf6 4.Bg5 dxe4 5.Nxe4 Be7 6.Bxf6 gxf6 7.Nf3 f5 8.Nc3
Bf6 9.Qd2 c5 10.d5 O-O 11.O-O-O e5 12.h4 Nd7 13.d6 Nb6 14.Ng5 Bg7 15.Qe3 
h6 16.Nf3 Qf6 17.Qxc5 Qd8 18.Nb5 Bd7 19.Nd2 1/2-1/2

[Event "37th World U20 ch"]
[Site "Kozhikode IND"]
[Date "1998.11.21"]
[Round "5.13"]
[White "Kidambi, Sundararajan"]
[Black "Salmensuu, Olli"]
[Result "1/2-1/2"]
[WhiteElo "2285"]
[BlackElo "2420"]
[EventDate "1998.11.17"]
[PlyCount "142"]

1.d4 Nf6 2.Nf3 c5 3.d5 b5 4.Bg5 Qb6 5.c3 Ne4 6.Bf4 Bb7 7.Qd3 f5 8.Nbd2 c4 
9.Qd4 Qxd4 10.Nxd4 Nxd2 11.Bxd2 a6 12.Nxf5 Bxd5 13.f3 e6 14.e4 Bb7 15.Nd4 
Nc6 16.Nxc6 Bxc6 17.Be3 Bd6 18.Be2 O-O 19.O-O Be5 20.Rfd1 Rfb8 21.Bc5 d5 
22.exd5 Bxd5 23.Bd4 Bd6 24.g3 a5 25.a3 Rb7 26.f4 Rf8 27.Bg4 Re7 28.Re1 g6 
29.Re2 Kf7 30.Rae1 b4 31.axb4 axb4 32.cxb4 Bxb4 33.Ra1 Ra8 34.Rxa8 Bxa8 
35.Rc2 Rd7 36.Be3 Bd5 37.Be2 Rc7 38.Bd4 Rc6 39.Kf2 Be7 40.Ke3 Bb4 41.Bf3 
Ra6 42.Be2 Rc6 43.Rc1 h5 44.Ra1 Rc7 45.Ra4 c3 46.bxc3 Bxc3 47.Bxc3 Rxc3+ 
48.Kd4 Rc2 49.Kd3 Rc1 50.Kd4 Kf6 51.g4 hxg4 52.Bxg4 Re1 53.Kd3 Rh1 54.h3 
Bc6 55.Rb4 Re1 56.Kd2 Rh1 57.Rb6 Bd5 58.Rb4 Bg2 59.Rb6 Bd5 60.Rb4 Rh2+ 61.
Ke3 Rc2 62.Kd3 Ra2 63.Ke3 Bg2 64.Rb6 Ra3+ 65.Ke2 Bd5 66.Rb4 Ra2+ 67.Ke3 
Ke7 68.Rd4 Kf6 69.Rd2 Rxd2 70.Kxd2 g5 71.fxg5+ Kxg5 1/2-1/2

[Event "37th World U20 ch"]
[Site "Kozhikode IND"]
[Date "1998.11.21"]
[Round "5.16"]
[White "Sutkovic, Damir"]
[Black "Sasikiran, Krishnan"]
[Result "1/2-1/2"]
[WhiteElo "2205"]
[BlackElo "2470"]
[EventDate "1998.11.17"]
[PlyCount "120"]

1.Nf3 Nf6 2.g3 g6 3.Bg2 Bg7 4.O-O O-O 5.d4 d6 6.b3 c6 7.Bb2 Nbd7 8.c4 Re8 
9.Re1 Qc7 10.Nc3 e5 11.e4 a5 12.dxe5 dxe5 13.Ba3 Bf8 14.Bxf8 Nxf8 15.h3 
Be6 16.c5 Rad8 17.Qc2 h6 18.Na4 N8h7 19.Rad1 Kg7 20.Nb6 Ng5 21.Nxg5 hxg5 
22.Qc3 Rh8 23.g4 Rhe8 24.Qxa5 Rd4 25.Rxd4 exd4 26.e5 Nd7 27.Qb4 d3 28.Nxd7
Qxd7 29.Rd1 Rd8 30.Rd2 Qd4 31.Qxd4 Rxd4 32.Bf1 Rd5 33.Bxd3 Rxc5 34.Re2 Rc3
35.Re3 Bd5 36.f3 Rc1+ 37.Kg2 Kf8 38.Re2 Ke7 39.Kf2 Ke6 40.Bc2 Ra1 41.Bd3 
b5 42.Kg3 Rd1 43.Be4 c5 44.h4 gxh4+ 45.Kxh4 Rf1 46.Bxd5+ Kxd5 47.Re3 c4 
48.bxc4+ bxc4 49.Kg5 Kd4 50.Re4+ Kd5 51.Re3 Kd4 52.Re4+ Kd5 53.Re3 Kd4 54.
e6 fxe6 55.Rxe6 Rxf3 56.Kxg6 Ra3 57.Rd6+ Kc3 58.g5 Rxa2 59.Kf7 Rf2+ 60.Rf6
Rxf6+ 1/2-1/2

[Event "37th World U20 ch"]
[Site "Kozhikode IND"]
[Date "1998.11.21"]
[Round "5.17"]
[White "Radovanovic, Dusan"]
[Black "Turzo, Attila"]
[Result "1/2-1/2"]
[WhiteElo "2225"]
[BlackElo "2345"]
[EventDate "1998.11.17"]
[PlyCount "51"]

1.e4 c5 2.Nf3 Nc6 3.d4 cxd4 4.Nxd4 Nf6 5.Nc3 d6 6.Bg5 e6 7.Qd2 a6 8.O-O-O 
Bd7 9.f3 Be7 10.h4 Rc8 11.Kb1 b5 12.Nxc6 Bxc6 13.Bd3 O-O 14.g4 Bb7 15.Ne2 
Nd7 16.Bxe7 Qxe7 17.g5 d5 18.h5 Ne5 19.Qf4 Nxd3 20.cxd3 e5 21.Qe3 f5 22.
exd5 Bxd5 23.Nf4 Bxa2+ 24.Kxa2 Qf7+ 25.Kb1 exf4 26.Qxf4 1/2-1/2

[Event "37th World U20 ch"]
[Site "Kozhikode IND"]
[Date "1998.11.21"]
[Round "5.18"]
[White "Williams, Simon"]
[Black "Laxman, Rajaram"]
[Result "0-1"]
[WhiteElo "2335"]
[BlackElo "2225"]
[EventDate "1998.11.17"]
[PlyCount "104"]

1.c4 e6 2.Nc3 f5 3.d4 Nf6 4.Nf3 Bb4 5.Qc2 O-O 6.Bg5 c5 7.e3 b6 8.Be2 d6 9.
O-O Bxc3 10.Qxc3 Ne4 11.Qb3 Qe8 12.dxc5 bxc5 13.Bd3 Nxg5 14.Nxg5 Nc6 15.
Be2 Rb8 16.Qc3 e5 17.Qd2 Rf6 18.b3 h6 19.Nf3 Bb7 20.Ne1 Qe7 21.Nd3 g5 22.
Nb2 Kh8 23.Na4 g4 24.Nc3 Rg6 25.Nd5 Qg7 26.f4 gxf3 27.Bxf3 Rg8 28.g3 Nd8 
29.Bg2 Bc8 30.Rf2 h5 31.Raf1 h4 32.Rxf5 Bxf5 33.Rxf5 hxg3 34.hxg3 Rg5 35.
e4 Rxf5 36.exf5 Qg5 37.Qd1 Qg4 38.Qd2 Qd4+ 39.Qxd4 cxd4 40.Kf2 Rf8 41.g4 
Kg7 42.Kg3 Nf7 43.b4 Ng5 44.a4 Re8 45.a5 e4 46.Kf4 e3 47.Kxg5 e2 48.f6+ 
Kf8 49.Nf4 Re5+ 50.Kh6 e1=Q 51.Ng6+ Kf7 52.g5 Rxg5 0-1

[Event "37th World U20 ch"]
[Site "Kozhikode IND"]
[Date "1998.11.21"]
[Round "5.19"]
[White "Stinis, Steven"]
[Black "Khamrakulov, Ibragim"]
[Result "0-1"]
[WhiteElo "2005"]
[BlackElo "2315"]
[EventDate "1998.11.17"]
[PlyCount "46"]

1.Nc3 c5 2.e4 Nc6 3.f4 g6 4.Nf3 Bg7 5.Bc4 e6 6.O-O Nge7 7.e5 d5 8.exd6 
Qxd6 9.Ne4 Qc7 10.d3 O-O 11.Qe1 Nf5 12.g4 Nfd4 13.g5 b5 14.Bxb5 Nxb5 15.
Nf6+ Bxf6 16.gxf6 Nbd4 17.f5 Nxf5 18.Ng5 Qe5 19.Qd2 Qd4+ 20.Rf2 Ne5 21.Kf1
Ng4 22.Rxf5 exf5 23.Nf3 Qxf6 0-1

[Event "37th World U20 ch"]
[Site "Kozhikode IND"]
[Date "1998.11.21"]
[Round "5.20"]
[White "Satyapragyan, Swayangsu"]
[Black "Sandipan, Chanda"]
[Result "1-0"]
[WhiteElo "2210"]
[BlackElo "2305"]
[EventDate "1998.11.17"]
[PlyCount "61"]

1.e4 c5 2.Nf3 e6 3.d4 cxd4 4.Nxd4 Nf6 5.Nc3 d6 6.g4 a6 7.g5 Nfd7 8.Be3 Nc6
9.h4 Nxd4 10.Qxd4 b5 11.O-O-O Rb8 12.f4 Qa5 13.Kb1 b4 14.Ne2 e5 15.Qd2 Nc5
16.Bxc5 Qxc5 17.fxe5 Qxe5 18.Nd4 Rb6 19.Bc4 Be6 20.Bd5 Be7 21.Nc6 Rxc6 22.
Bxc6+ Kf8 23.Bd5 Bg4 24.Rdf1 f6 25.Qxb4 g6 26.Rhg1 Bc8 27.h5 gxh5 28.Qb8 
Kg7 29.gxf6+ Kh6 30.fxe7 Bh3 31.Qf8+ 1-0

[Event "37th World U20 ch"]
[Site "Kozhikode IND"]
[Date "1998.11.21"]
[Round "5.23"]
[White "De Wachter, Matthias"]
[Black "Goldenberg, Danny"]
[Result "0-1"]
[WhiteElo "2170"]
[BlackElo "2325"]
[EventDate "1998.11.17"]
[PlyCount "84"]

1.d4 g6 2.c4 Bg7 3.Nc3 d6 4.e4 Nc6 5.Be3 e5 6.d5 Nd4 7.Nge2 Nxe2 8.Bxe2 f5
9.exf5 gxf5 10.f4 Ne7 11.fxe5 dxe5 12.c5 Ng6 13.Qb3 O-O 14.d6+ Kh8 15.
O-O-O f4 16.Bf2 Bf5 17.Bf3 c6 18.h4 h5 19.Qc4 b5 20.Qe2 Qa5 21.Be4 f3 22.
gxf3 Nf4 23.Qc2 b4 24.Na4 b3 25.axb3 Be6 26.Be1 Qa6 27.Rh2 Rab8 28.b4 Nd5 
29.Bd3 Qc8 30.Qd2 Nxb4 31.Qg5 Nxd3+ 32.Rxd3 Qa6 33.Rg2 Rf7 34.Ra3 Qc4+ 35.
Nc3 Qb4 36.Qxh5+ Kg8 37.Qxe5 Bh3 38.Rg1 Qxb2+ 39.Kd1 Qxa3 40.h5 Qa1+ 41.
Ke2 Rb2+ 42.Ke3 Qxe1+ 0-1

[Event "37th World U20 ch"]
[Site "Kozhikode IND"]
[Date "1998.11.21"]
[Round "5.25"]
[White "Saurabh, Kherdekar"]
[Black "Dovramadiev, Tikhomir"]
[Result "0-1"]
[WhiteElo "2265"]
[BlackElo "2210"]
[EventDate "1998.11.17"]
[PlyCount "88"]

1.d4 Nf6 2.c4 g6 3.Nc3 d5 4.cxd5 Nxd5 5.Nf3 Bg7 6.Qb3 Nb6 7.Bg5 Be6 8.Qc2 
Nc6 9.Rd1 Nb4 10.Qb1 Bc4 11.a3 N4d5 12.Nxd5 Nxd5 13.Rc1 Nb6 14.b3 Be6 15.
e3 c6 16.Be2 h6 17.Bf4 Nd5 18.Bg3 Qa5+ 19.Nd2 Qxa3 20.O-O Qa5 21.Nc4 Qd8 
22.e4 Nf6 23.Rfd1 O-O 24.Ne3 Rc8 25.f4 Qb6 26.Nc4 Bxc4 27.Bxc4 e6 28.Kh1 
Nh5 29.d5 Nxg3+ 30.hxg3 exd5 31.exd5 Qf2 32.Kh2 b5 33.Rc2 Qb6 34.Be2 c5 
35.Qc1 Rfd8 36.Bg4 Rc7 37.Rcd2 Bd4 38.Re2 Rxd5 39.Re8+ Kg7 40.Rde1 Bf6 41.
Qc2 c4 42.Qe4 Qd4 43.Qxd4 Rxd4 44.Rb8 c3 0-1

[Event "37th World U20 ch"]
[Site "Kozhikode IND"]
[Date "1998.11.21"]
[Round "5.28"]
[White "Beenish, Bhatia"]
[Black "Dervishi, Erald"]
[Result "0-1"]
[WhiteElo "2190"]
[BlackElo "2430"]
[EventDate "1998.11.17"]
[PlyCount "84"]

1.g3 d5 2.Bg2 Nf6 3.d3 e5 4.Nf3 Nc6 5.O-O Be7 6.Nbd2 O-O 7.e4 dxe4 8.dxe4 
Bc5 9.c3 a5 10.Qc2 h6 11.Nc4 Qe7 12.Ne3 Be6 13.Nh4 Rfd8 14.Nhf5 Qf8 15.Qe2
Kh8 16.Qf3 Ng8 17.g4 g6 18.Ng3 Nce7 19.h4 c6 20.g5 f6 21.Ng4 fxg5 22.hxg5 
Qxf3 23.Bxf3 Bxg4 24.Bxg4 h5 25.Be2 Nc8 26.Kg2 Nd6 27.f4 exf4 28.Bxf4 Re8 
29.e5 Nf7 30.e6 Nd8 31.Be5+ Kh7 32.Rad1 Re7 33.Bc4 b5 34.Nxh5 bxc4 35.Nf6+
Nxf6 36.gxf6 Rxe6 37.Rd7+ Kh6 38.Bf4+ Kh5 39.Kg3 g5 40.Rg7 gxf4+ 41.Kf3 
Re3+ 42.Kxf4 Ne6+ 0-1

[Event "37th World U20 ch"]
[Site "Kozhikode IND"]
[Date "1998.11.21"]
[Round "5.30"]
[White "Dias, Paulo"]
[Black "Hansen, Torbjorn Ringdal"]
[Result "1/2-1/2"]
[WhiteElo "2295"]
[BlackElo "2060"]
[EventDate "1998.11.17"]
[PlyCount "138"]

1.e4 c6 2.d4 d5 3.Nd2 g6 4.Ngf3 Bg7 5.g3 Bg4 6.c3 dxe4 7.Nxe4 Qd5 8.Bd3 
Nf6 9.h3 Bf5 10.c4 Qe6 11.Ng5 Qd7 12.Be3 Nxe4 13.Bxe4 h6 14.Bxf5 Qxf5 15.
Nf3 Nd7 16.Kf1 O-O 17.Kg2 Rfe8 18.Qb3 b5 19.Rac1 Rab8 20.Rc2 bxc4 21.Qxc4 
Nb6 22.Qe2 Rbc8 23.Rhc1 Qe6 24.Qa6 Qd7 25.b3 g5 26.Rc5 Rc7 27.h4 gxh4 28.
Nxh4 Bxd4 29.Rd1 e5 30.Nf3 Qg4 31.Bxd4 e4 32.Qe2 exf3+ 33.Qxf3 Qxf3+ 34.
Kxf3 Re6 35.b4 Kh7 36.b5 Na4 37.Rc4 Nb6 38.Rc2 Rd6 39.Ke2 Re7+ 40.Be3 Rxd1
41.Kxd1 cxb5 42.Rc6 Nd5 43.Rxh6+ Kg7 44.Bd2 Nc3+ 45.Kc2 Ne4 46.Rh5 Rc7+ 
47.Kd3 Nxf2+ 48.Ke3 Nd1+ 49.Ke2 Nc3+ 50.Kd3 b4 51.a3 Rd7+ 52.Kc2 Ne4 53.
Bxb4 Kg6 54.Rh8 f5 55.Be1 Rc7+ 56.Kd3 Rc1 57.Bb4 Rg1 58.Ra8 Nxg3 59.Ke3 
Rf1 60.Bd6 Ne4 61.Be5 Kf7 62.Rxa7+ Ke6 63.Bb8 Kd5 64.a4 Re1+ 65.Kf3 Rf1+ 
66.Ke2 Ra1 67.a5 Ra3 68.a6 Nc5 69.Rf7 Rxa6 1/2-1/2

[Event "37th World U20 ch"]
[Site "Kozhikode IND"]
[Date "1998.11.21"]
[Round "5.31"]
[White "Uberoi, Arjun"]
[Black "Panchanathan, Magesh Chandran"]
[Result "0-1"]
[WhiteElo "2070"]
[BlackElo "2280"]
[EventDate "1998.11.17"]
[PlyCount "50"]

1.d4 Nf6 2.Nf3 e6 3.Bg5 Be7 4.c4 b6 5.Nc3 Bb7 6.e3 d6 7.Be2 Nbd7 8.O-O h6 
9.Bh4 g5 10.Bg3 h5 11.h3 h4 12.Bh2 g4 13.hxg4 Nxg4 14.Nd2 Nxh2 15.Kxh2 d5 
16.cxd5 exd5 17.e4 dxe4 18.Ndxe4 f5 19.Bh5+ Kf8 20.Nd2 Bd6+ 21.Kg1 h3 22.
Bf3 Bh2+ 23.Kh1 hxg2+ 24.Bxg2 Bd6+ 25.Kg1 Rh1+ 0-1

[Event "37th World U20 ch"]
[Site "Kozhikode IND"]
[Date "1998.11.21"]
[Round "5.32"]
[White "De Silva, Nirosh"]
[Black "Chokshi, Manthan"]
[Result "0-1"]
[WhiteElo "2025"]
[BlackElo "2220"]
[EventDate "1998.11.17"]
[PlyCount "68"]

1.e4 c5 2.Nf3 d6 3.d4 cxd4 4.Nxd4 Nf6 5.Nc3 a6 6.Bc4 e6 7.Bb3 Nc6 8.Be3 
Be7 9.f4 Na5 10.Qe2 b5 11.O-O-O Qc7 12.f5 Nxb3+ 13.axb3 e5 14.Nf3 Bb7 15.
Bg5 Nh5 16.g3 Bxg5+ 17.Nxg5 Nf6 18.g4 O-O 19.h4 Rfc8 20.Rhg1 b4 21.Nd5 
Bxd5 22.exd5 a5 23.Ne4 Nxe4 24.Qxe4 a4 25.bxa4 Rxa4 26.Kd2 Ra2 27.Rb1 b3 
28.Rgc1 Rxb2 29.Rxb2 Qc3+ 30.Kd1 Qxb2 31.c4 Qf2 32.Qe2 Qd4+ 33.Ke1 Ra8 34.
Rb1 Ra1 0-1

[Event "37th World U20 ch"]
[Site "Kozhikode IND"]
[Date "1998.11.21"]
[Round "5.33"]
[White "Leskiewicz, Maksymilian"]
[Black "Kosmac, Blazimir"]
[Result "1-0"]
[WhiteElo "2210"]
[BlackElo "2175"]
[EventDate "1998.11.17"]
[PlyCount "61"]

1.d4 Nf6 2.c4 g6 3.Nc3 d5 4.cxd5 Nxd5 5.e4 Nxc3 6.bxc3 Bg7 7.Bb5+ c6 8.Ba4
O-O 9.Ne2 c5 10.O-O Nc6 11.Be3 Na5 12.Rb1 Nc4 13.Bg5 Qc7 14.Qc1 Rd8 15.Rd1
b6 16.Bb5 Na5 17.Qe3 Bd7 18.Bxe7 Re8 19.Bxd7 Qxd7 20.Bg5 Qa4 21.Ng3 Qxa2 
22.Bh6 cxd4 23.cxd4 Nc4 24.Qf4 Bxh6 25.Qxh6 Rad8 26.Rbc1 Qa4 27.Qg5 Kh8 
28.h4 Rd6 29.h5 Ne5 30.Ra1 f6 31.Qc1 1-0

[Event "37th World U20 ch"]
[Site "Kozhikode IND"]
[Date "1998.11.22"]
[Round "6.1"]
[White "Sadvakasov, Darmen"]
[Black "Jenni, Florian"]
[Result "1/2-1/2"]
[WhiteElo "2440"]
[BlackElo "2430"]
[EventDate "1998.11.17"]
[PlyCount "73"]

1.e4 e5 2.Nf3 Nc6 3.Bc4 Nf6 4.d3 Be7 5.O-O O-O 6.Bb3 d5 7.exd5 Nxd5 8.Re1 
Bg4 9.h3 Bxf3 10.Qxf3 Nd4 11.Qe4 Nxb3 12.axb3 Nb4 13.Na3 Nc6 14.c3 Qd7 15.
Nc4 f5 16.Qe2 Rfe8 17.Be3 Bf6 18.Qf3 a6 19.Rad1 Rad8 20.Bc1 g6 21.g4 b5 
22.Ne3 Ne7 23.gxf5 Nxf5 24.Ng4 Qd6 25.d4 h5 26.Nh6+ Nxh6 27.dxe5 Rxe5 28.
Bxh6 Rxe1+ 29.Rxe1 Kf7 30.Bf4 Qd5 31.Qxd5+ Rxd5 32.Ra1 g5 33.Bxc7 Rd2 34.
Rxa6 Rxb2 35.c4 bxc4 36.bxc4 Rc2 37.Rc6 1/2-1/2

[Event "37th World U20 ch"]
[Site "Kozhikode IND"]
[Date "1998.11.22"]
[Round "6.2"]
[White "Banikas, Hristos"]
[Black "Zhang Zhong"]
[Result "1/2-1/2"]
[WhiteElo "2490"]
[BlackElo "2510"]
[EventDate "1998.11.17"]
[PlyCount "92"]

1.d4 Nf6 2.c4 e6 3.Nf3 d5 4.Nc3 Bb4 5.Bg5 Nbd7 6.e3 c5 7.cxd5 exd5 8.Bd3 
Qa5 9.Qc2 c4 10.Bf5 O-O 11.O-O Re8 12.Nd2 g6 13.Bh3 Nh5 14.a3 Bxc3 15.Qxc3
Qxc3 16.bxc3 f6 17.Bh6 Nb6 18.Bxc8 Raxc8 19.Rfb1 Re7 20.a4 Ng7 21.a5 Na8 
22.Bxg7 Kxg7 23.Rb5 Rd8 24.Rab1 b6 25.axb6 axb6 26.Ra1 Rb7 27.Nf3 Nc7 28.
Rb2 Ra8 29.Rxa8 Nxa8 30.Kf1 Ra7 31.Ke2 Kf7 32.Ne1 Ke6 33.Nc2 Kd6 34.f3 f5 
35.Kd2 Ra5 36.Rb1 Kc6 37.Nb4+ Kd6 38.Nc2 Kc6 39.Nb4+ Kd6 40.Nc2 Ra2 41.Ra1
Rxa1 42.Nxa1 Nc7 43.Nc2 Na6 44.Kc1 g5 45.Kb2 h5 46.h3 h4 1/2-1/2

[Event "37th World U20 ch"]
[Site "Kozhikode IND"]
[Date "1998.11.22"]
[Round "6.3"]
[White "Kobalia, Mikhail"]
[Black "Halkias, Stelios"]
[Result "1/2-1/2"]
[WhiteElo "2505"]
[BlackElo "2435"]
[EventDate "1998.11.17"]
[PlyCount "30"]

1.c4 Nf6 2.Nc3 c5 3.Nf3 e6 4.e3 Nc6 5.d4 d5 6.cxd5 exd5 7.Be2 Bd6 8.dxc5 
Bxc5 9.O-O O-O 10.a3 a6 11.b4 Ba7 12.Bb2 Bb8 13.Bd3 b5 14.Rc1 Be6 15.e4 d4
1/2-1/2

[Event "37th World U20 ch"]
[Site "Kozhikode IND"]
[Date "1998.11.22"]
[Round "6.4"]
[White "Dao Thien Hai"]
[Black "Vuckovic, Bojan"]
[Result "1/2-1/2"]
[WhiteElo "2580"]
[BlackElo "2435"]
[EventDate "1998.11.17"]
[PlyCount "62"]

1.d4 Nf6 2.c4 g6 3.Nc3 Bg7 4.e4 d6 5.Bg5 O-O 6.Qd2 c5 7.d5 e6 8.f3 exd5 9.
Nxd5 Be6 10.Ne2 Bxd5 11.cxd5 Nbd7 12.Nc3 a6 13.a4 Re8 14.Be2 Qc7 15.O-O c4
16.Kh1 Rac8 17.Ra3 Nc5 18.Qc2 Nfd7 19.Bxc4 Nxe4 20.Nxe4 f5 21.Nd2 b5 22.
axb5 axb5 23.Ra6 bxc4 24.Rc6 Qb7 25.Rxd6 Ne5 26.Bh4 Nd3 27.Rc6 Rxc6 28.
dxc6 Qxc6 29.b3 Ne5 30.f4 cxb3 31.Qxb3+ Nf7 1/2-1/2

[Event "37th World U20 ch"]
[Site "Kozhikode IND"]
[Date "1998.11.22"]
[Round "6.6"]
[White "Kalod, Radek"]
[Black "Florean, Andrei"]
[Result "0-1"]
[WhiteElo "2435"]
[BlackElo "2450"]
[EventDate "1998.11.17"]
[PlyCount "72"]

1.e4 c5 2.Nf3 d6 3.d4 cxd4 4.Nxd4 Nf6 5.Nc3 a6 6.Be3 Ng4 7.Bc1 Nf6 8.Be3 
e5 9.Nb3 Be6 10.f3 Nbd7 11.Qd2 Be7 12.Nd5 Nxd5 13.exd5 Bf5 14.Na5 Qc7 15.
c4 e4 16.f4 Nc5 17.b4 Nd3+ 18.Bxd3 exd3 19.O-O O-O 20.Bd4 Rfe8 21.Rae1 Bh4
22.g3 Bf6 23.Qc3 Bh3 24.Bxf6 Bxf1 25.Kxf1 Rxe1+ 26.Kxe1 gxf6 27.Qxf6 Qb6 
28.Qg5+ Kf8 29.Qh6+ Ke8 30.f5 Qxb4+ 31.Qd2 Qb1+ 32.Kf2 Kd7 33.Nb3 Re8 34.
Nd4 Re4 35.Qc3 Qb6 36.c5 Qxc5 0-1